00550nam a2200181Ia 450000500170000000800410001702000150005808200130007310000150008624500500010125000080015126000470015930000120020650000320021894200060025095200970025699900150035320250616020543.0240331s9999 xx 000 0 und d a9559150081 bPERa305 aPerera,N.M 0aRajya bhasha prashnaya :bsamasamaj stawaraya a2nd aColombobYoung Socialists Manifestosc2006 a78 p ., aThe Official Language Issue cL 001040708LaWERCLbWERCLcSSCd2024-03-31l0o 305.8 PERp6364r2024-03-31w2024-03-31yL c5246d5246